Cien sonetos de amor

-д хадгалсан:
Номзүйн дэлгэрэнгүй
Үндсэн зохиолч: Neruda, Pablo (autor)
Формат: Ном
Хэл сонгох:испани
Хэвлэсэн: Santiago Andres Bello 1985
Хэвлэл:1a. ed
Нөхцлүүд:
Шошгууд: Шошго нэмэх
Шошго байхгүй, Энэхүү баримтыг шошголох эхний хүн болох!

MARC

LEADER 00000nam a2200000 a 4500
001 UCH5375
003 CL-VaPUC
008 091014e19850000CL |||||||||||||||||spa|d
082 0 4 |a Ch861  |b NER  |2 21 
100 |a Neruda, Pablo  |e autor  |9 306531 
245 1 0 |a Cien sonetos de amor 
250 |a 1a. ed 
300 |a 129 p 
942 |c BK 
945 |d 20091014 00:00:00  |a lazolas 
260 |a Santiago  |b Andres Bello  |c 1985 
650 0 |a Poesías chilenas   |9 265280 
650 0 |a Literatura chilena   |9 308278 
583 |a last modification  |c 20091014 00:00:00  |k Rodrigo Vera 
999 |c 336522  |d 336520